Patterns of enterprise application architecture

Gorde:
Xehetasun bibliografikoak
Egile nagusia: Fowler, Martin (Egilea)
Formatua: Liburua
Hizkuntza:ingelesa
Argitaratua: Boston Addison-Wesley 2003
Saila:The Addison-Wesley Signature Series
Gaiak:
Etiketak: Etiketa erantsi
Etiketarik gabe, Izan zaitez lehena erregistro honi etiketa jartzen!

MARC

LEADER 00000nam a2200000 a 4500
001 UCK2478
003 CL-VaPUC
008 050113e20030000US |||||||||||||||||eng|d
020 |a 0321127420 
082 0 4 |a 005.1  |b FOW  |2 21 
100 0 |a Fowler, Martin  |e author  |9 490331 
245 1 0 |a Patterns of enterprise application architecture 
300 |a 533 p 
942 |c BK 
945 |d 20050113 00:00:00  |a cmena 
260 |a Boston  |b Addison-Wesley  |c 2003 
650 0 |a Programación de computadores   |9 259531 
650 0 |a Diseño de software  |9 451623 
650 0 |a Planificación estratégica   |9 259735 
650 0 |a Gestión de la información   |9 362327 
650 0 |a Administración de empresas   |9 260833 
583 |a last modification  |c 20050113 00:00:00  |k Rodrigo Vera 
490 0 |a The Addison-Wesley Signature Series 
999 |c 311994  |d 311992 
952 |0 0  |1 0  |4 0  |6 005_100000000000000_FOW_2003  |7 0  |8 A  |9 381772  |a BIBING  |b BIBING  |d 2019-11-21  |i 4093445  |o 005.1 FOW 2003  |p 4093445  |r 2024-01-25  |w 2019-11-21  |y BK  |k EII